Statistics for The Hail Mary

Click here to take the quiz!

General Stats

  • This quiz has been taken 9 times
  • The average score is 5 of 8

Answer Stats

HintAnswer% Correct
How you end a prayerAmen
88%
Thethe Lord is with thee
75%
HailHail, Mary, full of grace,
63%
Nownow and at the hour of our death
63%
PrayPray for us sinners
63%
HolyHoly Mary, Mother of God
50%
Andand blessed is the fruit of thy womb, Jesus
38%
BlessedBlessed art thou amongst woman
13%

Score Distribution

Percentile by Number Answered

Percent of People with Each Score

Your Score History

You have not taken this quiz